[Event "Oberfranken-ch M 0910"]
[Site "Schney"]
[Date "2010.01.05"]
[Round "6"]
[White "Uestuen, Engin"]
[Black "Christof, Oliver"]
[Result "1/2-1/2"]
[WhiteElo "1857"]
[BlackElo "2032"]
[PlyCount "37"]
[EventDate "2010.01.03"]
[EventType "swiss"]
[EventRounds "7"]
[EventCountry "GER"]
[SourceTitle "EXT 2015"]
[Source "ChessBase"]
[SourceDate "2014.11.20"]
[SourceVersion "1"]
[SourceVersionDate "2014.11.20"]
[SourceQuality "1"]

1. e4 c5 2. Nf3 Nc6 3. d4 cxd4 4. Nxd4 Nf6 5. Nc3 g6 6. Bc4 Bg7 7. Be3 0-0 8. Bb3 d6 9. h3 Bd7 10. 0-0 a6 11. Qd2 Rc8 12. f4 Na5 13. Nde2 Nxb3 14. axb3 Bc6 15. Qd3 Qc7 16. Nd4 Bd7 17. Kh1 Nh5 18. Rf3 e6 19. g4 1/2-1/2

[Event "Oberfranken-ch M 0809"]
[Site "Schney"]
[Date "2009.01.03"]
[Round "4"]
[White "Christof, Oliver"]
[Black "Geisensetter, Franz"]
[Result "1/2-1/2"]
[WhiteElo "1901"]
[BlackElo "2073"]
[PlyCount "38"]
[EventDate "2009.01.02"]
[EventType "swiss"]
[EventRounds "7"]
[EventCountry "GER"]
[SourceTitle "CBM 128 Extra"]
[Source "ChessBase"]
[SourceDate "2009.03.05"]
[SourceVersion "2"]
[SourceVersionDate "2009.03.25"]
[SourceQuality "1"]

1. d4 Nf6 2. Nf3 e6 3. c4 b6 4. Nc3 Bb7 5. Bg5 Be7 6. e3 d5 7. Rc1 0-0 8. cxd5 Nxd5 9. Bxe7 Qxe7 10. Bd3 Nb4 11. Bb1 Ba6 12. a3 N4c6 13. b4 Bb7 14. d5 Nd8 15. Nb5 Na6 16. Nxc7 Nxc7 17. d6 Qd7 18. Qd3 g6 19. Ne5 Qb5 1/2-1/2

[Event "Oberfranken-ch M 0607"]
[Site "Schney"]
[Date "2007.01.06"]
[Round "9"]
[White "Christof, Oliver"]
[Black "Schelbert, Roland"]
[Result "1-0"]
[WhiteElo "1923"]
[BlackElo "1693"]
[PlyCount "59"]
[EventDate "2007.01.02"]
[EventType "swiss"]
[EventRounds "9"]
[EventCountry "GER"]
[SourceTitle "EXT 2015"]
[Source "ChessBase"]
[SourceDate "2014.11.20"]
[SourceVersion "1"]
[SourceVersionDate "2014.11.20"]
[SourceQuality "1"]

1. e4 d5 2. exd5 Qxd5 3. Nc3 Qa5 4. Nf3 Nf6 5. Bc4 Bf5 6. d3 e6 7. 0-0 c6 8. h3 Qc7 9. a3 Nbd7 10. Re1 Be7 11. Nd4 Bg6 12. Bxe6 fxe6 13. Nxe6 Qd6 14. Bf4 Ne5 15. Rxe5 h6 16. Re3 Qd7 17. Qe2 Kf7 18. Re1 Rhe8 19. Nc7 Bc5 20. Rxe8 Rxe8 21. Nxe8 Nxe8 22. Be5 Kg8 23. d4 Bb6 24. Ne4 Qd5 25. Qg4 Kh7 26. h4 h5 27. Ng5+ Kh6 28. Qf4 Bd8 29. Ne6+ Kh7 30. Nf8+ 1-0